[Event "2BLS 2223 Heilbronner SV - OSG Baden-Ba"]
[Site "?"]
[Date "2023.02.25"]
[Round "7.6"]
[White "Pogan, Nikolas"]
[Black "Breder, Dennis"]
[Result "1/2-1/2"]
[WhiteElo "2202"]
[BlackElo "2413"]
[PlyCount "59"]
[EventDate "2023.??.??"]

1. Nf3 c5 2. g3 Nc6 3. Bg2 g6 4. O-O Bg7 5. a3 e6 6. d3 Nge7 7. Nc3 O-O 8. Bd2 d6 9. Rb1 a5 10. Qc1 Nf5 11. a4 d5 12. Re1 Ncd4 13. e4 dxe4 14. Nxe4 Qc7 15. Bf4 Nxf3+ 16. Bxf3 e5 17. Bd2 Nd4 18. Bd1 Be6 19. b3 Bd5 20. c3 Ne6 21. Bf3 Rad8 22. Bh6 Bc6 23. Bxg7 Kxg7 24. Qe3 b6 25. Rbd1 f6 26. h4 h6 27. Nd2 Rfe8 28. Nc4 h5 29. Bxc6 Qxc6 30. Qe4 1/2-1/2

[Event "2BLS 2223 Heilbronner SV - OSG Baden-Ba"]
[Site "?"]
[Date "2023.02.25"]
[Round "7.7"]
[White "Riff, Jean-Noel"]
[Black "Degenhard, Simon"]
[Result "1/2-1/2"]
[WhiteElo "2413"]
[BlackElo "2253"]
[PlyCount "57"]
[EventDate "2023.??.??"]

1. e4 e6 2. d4 d5 3. Nc3 Nf6 4. e5 Nfd7 5. f4 c5 6. Nf3 Nc6 7. Be3 Be7 8. a3 Qb6 9. Na4 Qa5+ 10. Bd2 Qc7 11. dxc5 Nxc5 12. Nxc5 Bxc5 13. b4 Bb6 14. Bd3 a5 15. c3 axb4 16. axb4 Rxa1 17. Qxa1 O-O 18. Qd1 f6 19. Qe2 h6 20. exf6 Rxf6 21. Rf1 Bd7 22. b5 Ne7 23. Ne5 Qd6 24. g4 Be8 25. h4 Qa3 26. Qf3 Rf8 27. g5 Nf5 28. gxh6 gxh6 29. h5 1/2-1/2

[Event "2BLS 2223 Heilbronner SV - OSG Baden-Ba"]
[Site "?"]
[Date "2023.02.25"]
[Round "7.8"]
[White "Huber, Philipp"]
[Black "Schmaltz, Roland"]
[Result "1-0"]
[WhiteElo "2250"]
[BlackElo "2448"]
[PlyCount "63"]
[EventDate "2023.??.??"]

1. d4 Nf6 2. Bg5 e6 3. e4 h6 4. Bxf6 Qxf6 5. c3 d5 6. Nd2 c5 7. Ngf3 Nc6 8. Bb5 cxd4 9. cxd4 Bd7 10. O-O dxe4 11. Nxe4 Qf5 12. Qe2 O-O-O 13. Rac1 Kb8 14. Bxc6 Bxc6 15. Rxc6 bxc6 16. Ne5 Kb7 17. Ng3 Qf4 18. Nh5 Qxd4 19. Nxf7 Bc5 20. Nxh8 Rxh8 21. Rd1 Qh4 22. Rd7+ Kb6 23. g3 Qh3 24. b4 Bxb4 25. Qe3+ Bc5 26. Qb3+ Ka5 27. Qc3+ Kb6 28. Qb2+ Ka5 29. Qe5 Qf5 30. Rxa7+ Kb5 31. Qb2+ Kc4 32. Qb3+ 1-0

[Event "2BLS 2223 SV 1920 Hofheim - SG Speyer-S"]
[Site "?"]
[Date "2023.02.26"]
[Round "8.1"]
[White "Abasov, Nijat"]
[Black "Sumets, Andrey"]
[Result "1-0"]
[WhiteElo "2629"]
[BlackElo "2513"]
[PlyCount "67"]
[EventDate "2023.??.??"]

1. e4 e6 2. d4 d5 3. Nc3 Nf6 4. e5 Nfd7 5. f4 c5 6. Nf3 Nc6 7. Be3 a6 8. a3 cxd4 9. Nxd4 Bc5 10. Qd2 O-O 11. O-O-O Rb8 12. h4 Bxd4 13. Bxd4 b5 14. Rh3 Nxd4 15. Qxd4 Qe7 16. b4 Nb6 17. h5 h6 18. g4 f6 19. Bd3 Bd7 20. Rg1 fxe5 21. Qxe5 Qf6 22. g5 hxg5 23. Qxg5 Qxf4+ 24. Qxf4 Rxf4 25. h6 Kf7 26. Rxg7+ Kf6 27. Rh1 Rh8 28. Nxd5+ Nxd5 29. Rxd7 a5 30. bxa5 Ra4 31. h7 Nf4 32. Rf1 e5 33. Bxb5 Rxa5 34. a4 1-0

[Event "2BLS 2223 SV 1920 Hofheim - SG Speyer-S"]
[Site "?"]
[Date "2023.02.26"]
[Round "8.2"]
[White "Shneider, Aleksandr"]
[Black "Horvath, Adam"]
[Result "1/2-1/2"]
[WhiteElo "2499"]
[BlackElo "2462"]
[PlyCount "81"]
[EventDate "2023.??.??"]

1. d4 Nf6 2. c4 e6 3. Nf3 Bb4+ 4. Bd2 Bxd2+ 5. Qxd2 d5 6. Nc3 O-O 7. e3 Qe7 8. cxd5 exd5 9. Bd3 b6 10. O-O c5 11. b3 Nc6 12. Bb5 Bb7 13. Rac1 Rac8 14. Rfd1 Rfd8 15. Qb2 h6 16. Bf1 Kf8 17. dxc5 bxc5 18. Na4 Nb8 19. Qe5 Nbd7 20. Qxe7+ Kxe7 21. Ne1 Rc7 22. Rc2 Rdc8 23. Rdc1 Ne4 24. Bb5 Nb6 25. Nxb6 axb6 26. Be2 Ra8 27. a4 g5 28. f3 Nd6 29. Kf2 f6 30. Nd3 Rcc8 31. h4 c4 32. bxc4 Rxc4 33. hxg5 hxg5 34. Rb2 Rxc1 35. Nxc1 Nc8 36. Bb5 Nd6 37. Bd3 Ba6 38. Rxb6 Bxd3 39. Nxd3 Rxa4 40. Nb4 Ke6 41. Nd3 1/2-1/2

[Event "2BLS 2223 SV 1920 Hofheim - SG Speyer-S"]
[Site "?"]
[Date "2023.02.26"]
[Round "8.3"]
[White "Kantans, Toms"]
[Black "Ginsburg, Gennadi"]
[Result "0-1"]
[WhiteElo "2499"]
[BlackElo "2397"]
[PlyCount "72"]
[EventDate "2023.??.??"]

1. e4 c5 2. Nf3 e6 3. d4 cxd4 4. Nxd4 a6 5. c4 Nf6 6. Nc3 Bb4 7. Qf3 d6 8. Nc2 Ba5 9. b4 Bc7 10. Be2 O-O 11. Bg5 Nbd7 12. Rd1 h6 13. h4 a5 14. a3 axb4 15. axb4 Re8 16. Qh3 b6 17. f4 Bb7 18. e5 dxe5 19. Bxf6 gxf6 20. f5 Qe7 21. Qg4+ Kh8 22. Qh5 Nf8 23. O-O e4 24. Ne3 Nh7 25. Ng4 Rg8 26. Nxh6 Rg7 27. Nb5 Be5 28. fxe6 fxe6 29. Ng4 Rag8 30. Nxe5 Rxg2+ 31. Kh1 fxe5 32. Nd6 e3 33. Nxb7 Qg7 34. Qf3 Rg3 35. Nd6 Rxf3 36. Bxf3 Qf6 0-1

[Event "2BLS 2223 SV 1920 Hofheim - SG Speyer-S"]
[Site "?"]
[Date "2023.02.26"]
[Round "8.4"]
[White "Gurevich, Vladimir"]
[Black "Kovacs, Gabor"]
[Result "1/2-1/2"]
[WhiteElo "2452"]
[BlackElo "2400"]
[PlyCount "41"]
[EventDate "2023.??.??"]

1. e4 e5 2. Nf3 Nf6 3. Nxe5 d6 4. Nf3 Nxe4 5. d3 Nf6 6. d4 Be7 7. Bd3 O-O 8. h3 c5 9. O-O Nc6 10. c3 cxd4 11. Nxd4 Nxd4 12. cxd4 Be6 13. Nc3 Qb6 14. Re1 d5 15. Re2 Qd6 16. Be3 a6 17. Rc2 Rac8 18. Qf3 Rc6 19. Rac1 Rfc8 20. a3 Qd7 21. Bg5 1/2-1/2

[Event "2BLS 2223 SV 1920 Hofheim - SG Speyer-S"]
[Site "?"]
[Date "2023.02.26"]
[Round "8.5"]
[White "Boguslawski, Oleg"]
[Black "Womacka, Mathias"]
[Result "1/2-1/2"]
[WhiteElo "2374"]
[BlackElo "2409"]
[PlyCount "40"]
[EventDate "2023.??.??"]

1. e4 c5 2. Nf3 d6 3. c3 Nf6 4. Be2 g6 5. O-O Bg7 6. d3 O-O 7. Be3 Nc6 8. Nbd2 e5 9. h3 Re8 10. a4 h6 11. Nh2 Be6 12. f4 exf4 13. Rxf4 Rc8 14. Qf1 b6 15. Rf2 d5 16. Rd1 d4 17. Bf4 Nd7 18. c4 Nde5 19. Ndf3 Qd7 20. b3 a6 1/2-1/2

[Event "2BLS 2223 SV 1920 Hofheim - SG Speyer-S"]
[Site "?"]
[Date "2023.02.26"]
[Round "8.6"]
[White "Zude, Arno"]
[Black "Decuigniere, Tom"]
[Result "1/2-1/2"]
[WhiteElo "2346"]
[BlackElo "2384"]
[PlyCount "81"]
[EventDate "2023.??.??"]

1. e4 c5 2. Nf3 Nc6 3. d4 cxd4 4. Nxd4 Nf6 5. Nc3 g6 6. Be2 Bg7 7. Nb3 O-O 8. O-O d6 9. Be3 Be6 10. f4 Qc8 11. h3 Rd8 12. Bf3 Bc4 13. Rf2 e5 14. fxe5 dxe5 15. Rd2 Rxd2 16. Qxd2 Qe8 17. Qf2 b6 18. Nd2 Ba6 19. Bg5 Nd4 20. Nf1 Bxf1 21. Rxf1 Ne6 22. Bxf6 Bxf6 23. Nd5 Bg7 24. c3 Rd8 25. g3 Qf8 26. Kh1 Qc5 27. Qe2 Nc7 28. b4 Qd6 29. Rd1 Nxd5 30. Rxd5 Qc7 31. Qd3 Bf6 32. c4 Be7 33. a3 a5 34. bxa5 bxa5 35. a4 Rxd5 36. cxd5 Qc1+ 37. Kh2 Bc5 38. h4 Qb2+ 39. Bg2 Qa3 40. Qc2 h5 41. Bf1 1/2-1/2

[Event "2BLS 2223 SV 1920 Hofheim - SG Speyer-S"]
[Site "?"]
[Date "2023.02.26"]
[Round "8.7"]
[White "Philippe, Christophe"]
[Black "Zude, Erik"]
[Result "0-1"]
[WhiteElo "2359"]
[BlackElo "2375"]
[PlyCount "70"]
[EventDate "2023.??.??"]

1. d4 d5 2. Nf3 Nf6 3. e3 c5 4. dxc5 e6 5. b4 a5 6. c3 axb4 7. cxb4 b6 8. Be2 bxc5 9. b5 Nbd7 10. O-O Bd6 11. Bb2 Bb7 12. Nbd2 Bc7 13. Qc2 O-O 14. Rfd1 e5 15. e4 d4 16. a4 Ra5 17. Bd3 Nb6 18. Nb3 c4 19. Nxa5 cxd3 20. Qxd3 Bxe4 21. Qe2 Re8 22. Nc6 Qd7 23. Ncxe5 Qf5 24. Bxd4 Nbd5 25. Qc4 Bxe5 26. Nxe5 Nf4 27. Qxf7+ Kh8 28. Qb3 Bd5 29. Qa3 Nxg2 30. Re1 Kg8 31. Qd3 Qh5 32. Qg3 Nxe1 33. Rxe1 Ne4 34. Rxe4 Qd1+ 35. Kg2 Qxd4 0-1

[Event "2BLS 2223 SV 1920 Hofheim - SG Speyer-S"]
[Site "?"]
[Date "2023.02.26"]
[Round "8.8"]
[White "Brendel, Oliver"]
[Black "Kraemer, Enrico"]
[Result "1/2-1/2"]
[WhiteElo "2346"]
[BlackElo "2214"]
[PlyCount "120"]
[EventDate "2023.??.??"]

1. c4 e6 2. e4 d5 3. exd5 exd5 4. cxd5 Qxd5 5. Nc3 Qe6+ 6. Be2 Nf6 7. Nf3 Be7 8. d4 c6 9. O-O O-O 10. Re1 Qd6 11. Ne5 Be6 12. Bf4 Qd8 13. Bf3 Nbd7 14. Qe2 Re8 15. Bxc6 Nxe5 16. dxe5 bxc6 17. exf6 Bxf6 18. Be5 Bxe5 19. Qxe5 Qb6 20. b3 Rad8 21. Rad1 h6 22. h3 Qb4 23. Rxd8 Rxd8 24. Re4 Qa3 25. Ra4 Qc1+ 26. Kh2 Rd2 27. Ne4 Rd5 28. Qg3 Rf5 29. Rxa7 Bd5 30. Nc3 Bxg2 31. Qxg2 Qxc3 32. Ra8+ Kh7 33. Ra4 Qe5+ 34. Kg1 Qa1+ 35. Qf1 Rg5+ 36. Rg4 Rxg4+ 37. hxg4 Qxa2 38. Qd3+ g6 39. Qc4 Qa1+ 40. Kg2 Qf6 41. b4 Qe6 42. Qd4 h5 43. gxh5 gxh5 44. Kg3 Qf5 45. Kh4 Kg6 46. Kg3 f6 47. Qc4 Qg5+ 48. Kh3 Qb5 49. Qg8+ Kf5 50. Qh7+ Ke6 51. Qg8+ Ke5 52. Qe8+ Kd4 53. Qd8+ Kc4 54. Qxf6 Kxb4 55. f4 Qd5 56. f5 Qf3+ 57. Kh2 c5 58. Qb6+ Kc4 59. Qe6+ Kb4 60. Qb6+ Kc4 1/2-1/2

[Event "2BLS 2223 SF Heidesheim - SV 1947 Walld"]
[Site "?"]
[Date "2023.02.26"]
[Round "8.1"]
[White "Aczel, Gergely"]
[Black "Perske, Thore"]
[Result "1-0"]
[WhiteElo "2511"]
[BlackElo "2434"]
[PlyCount "141"]
[EventDate "2023.??.??"]

1. d4 Nf6 2. c4 e6 3. Nc3 Bb4 4. e3 O-O 5. Bd2 b6 6. Nf3 Bb7 7. Bd3 c5 8. a3 Bxc3 9. Bxc3 cxd4 10. exd4 d5 11. b3 a5 12. a4 Ne4 13. Bb2 Ng5 14. Be2 Nxf3+ 15. Bxf3 Nd7 16. O-O Rc8 17. Re1 Qg5 18. Qc1 Qg6 19. Qf4 Bc6 20. Rac1 dxc4 21. bxc4 Qf6 22. Qxf6 Nxf6 23. Bd1 Rfd8 24. Bb3 Nd7 25. Ba3 Bb7 26. f3 Ba6 27. Be7 Re8 28. Bd6 Rc6 29. c5 bxc5 30. dxc5 Rec8 31. Rxe6 Nxc5 32. Re7 h6 33. Rxc5 Rxc5 34. Bxc5 Rxc5 35. Bxf7+ Kf8 36. Ra7 Bd3 37. Bb3 Bg6 38. Ra6 Be8 39. Kf2 Ke7 40. h4 Rc3 41. Bd1 Rc1 42. Ke2 Rc5 43. Ke3 Bf7 44. g4 Re5+ 45. Kf4 Rc5 46. Kg3 Bd5 47. Be2 Kf8 48. Bb5 Rc3 49. Kf4 Bxf3 50. Rxa5 Bc6 51. Bxc6 Rxc6 52. Re5 Rc1 53. Re4 Kf7 54. Ke5 Rb1 55. h5 g6 56. Rf4+ Kg7 57. hxg6 Kxg6 58. Kd5 Kg5 59. Re4 Rc1 60. Rc4 Ra1 61. Kc6 h5 62. gxh5 Kxh5 63. Rc5+ Kg6 64. a5 Kf6 65. Kb6 Ke6 66. a6 Kd6 67. Rb5 Kd7 68. a7 Kc8 69. Rc5+ Kd7 70. Ra5 Rb1+ 71. Ka6 1-0

[Event "2BLS 2223 SF Heidesheim - SV 1947 Walld"]
[Site "?"]
[Date "2023.02.26"]
[Round "8.2"]
[White "Carow, Johannes"]
[Black "Gschnitzer, Adrian"]
[Result "1-0"]
[WhiteElo "2443"]
[BlackElo "2428"]
[PlyCount "77"]
[EventDate "2023.??.??"]

1. d4 d5 2. Nf3 e6 3. g3 Nf6 4. Bg2 Be7 5. O-O O-O 6. c4 dxc4 7. Qc2 b5 8. a4 b4 9. Nfd2 Nd5 10. Nxc4 c5 11. dxc5 Bxc5 12. e4 Nb6 13. Ncd2 N8d7 14. a5 Ba6 15. axb6 Bxf1 16. b7 Rb8 17. Bxf1 Rxb7 18. Nc4 Qf6 19. Bf4 g5 20. Bd6 Bxd6 21. Nxd6 Rb6 22. Nc4 Rc6 23. Nbd2 Ne5 24. Qb3 Rd8 25. Rxa7 Rxc4 26. Nxc4 Nf3+ 27. Kh1 Nxh2 28. Be2 Qxf2 29. Qe3 Qxe3 30. Nxe3 Rd2 31. Bh5 Rxb2 32. Bxf7+ Kh8 33. Bh5 b3 34. Rb7 Kg8 35. Bd1 Rf2 36. Rxb3 Rd2 37. Kg1 Kg7 38. Rb1 Kg6 39. Ng2 1-0

[Event "2BLS 2223 SF Heidesheim - SV 1947 Walld"]
[Site "?"]
[Date "2023.02.26"]
[Round "8.3"]
[White "Muckle, Julius"]
[Black "Wilhelm, Till"]
[Result "1/2-1/2"]
[WhiteElo "2405"]
[BlackElo "2350"]
[PlyCount "59"]
[EventDate "2023.??.??"]

1. d4 Nf6 2. c4 e6 3. Nf3 d5 4. Nc3 Bb4 5. Qa4+ Nc6 6. a3 Bxc3+ 7. bxc3 Bd7 8. cxd5 exd5 9. Bg5 h6 10. Bxf6 Qxf6 11. e3 O-O 12. Be2 b6 13. O-O Rfd8 14. Qc2 Bf5 15. Bd3 Bxd3 16. Qxd3 Na5 17. e4 dxe4 18. Qxe4 c5 19. Rad1 cxd4 20. cxd4 Re8 21. Ne5 Rad8 22. Rfe1 Qd6 23. Qf3 Qd5 24. Qd3 Re6 25. Nf3 Nc6 26. Re3 Red6 27. Rde1 g6 28. Re4 Kg7 29. Qe3 Re6 30. Rxe6 1/2-1/2

[Event "2BLS 2223 SF Heidesheim - SV 1947 Walld"]
[Site "?"]
[Date "2023.02.26"]
[Round "8.4"]
[White "Hinrichs, Paul"]
[Black "Faerber, David"]
[Result "1-0"]
[WhiteElo "2212"]
[BlackElo "2379"]
[PlyCount "63"]
[EventDate "2023.??.??"]

1. d4 Nf6 2. c4 e6 3. Nc3 Bb4 4. e3 O-O 5. Bd3 d5 6. Nf3 dxc4 7. Bxc4 c5 8. O-O cxd4 9. exd4 b6 10. Qe2 h6 11. Rd1 Bb7 12. Bf4 Nc6 13. a3 Bd6 14. Ne5 Ne7 15. Nxf7 Rxf7 16. Qxe6 Bxf4 17. Qxf7+ Kh8 18. Re1 Bd6 19. Re6 Qc7 20. Rxf6 gxf6 21. Qxf6+ Kh7 22. Re1 Qc6 23. Qf7+ Kh8 24. Qf6+ Kh7 25. Qf7+ Kh8 26. d5 Qxc4 27. Qf6+ Kg8 28. Qxd6 Nxd5 29. Qg6+ Kf8 30. Qxh6+ Kf7 31. Qh7+ Kf8 32. Qxb7 1-0

[Event "2BLS 2223 SF Heidesheim - SV 1947 Walld"]
[Site "?"]
[Date "2023.02.26"]
[Round "8.5"]
[White "Vonthron, Horst"]
[Black "Foerster, Erik"]
[Result "1/2-1/2"]
[WhiteElo "2356"]
[BlackElo "2173"]
[PlyCount "60"]
[EventDate "2023.??.??"]

1. d4 d5 2. c4 c6 3. Nf3 Nf6 4. Qb3 dxc4 5. Qxc4 Bg4 6. Nc3 Nbd7 7. Bd2 Bxf3 8. gxf3 e5 9. dxe5 Nxe5 10. Qb3 Bc5 11. O-O-O Qb6 12. Qxb6 axb6 13. Be1 b5 14. Kb1 O-O 15. Rc1 Nc4 16. e3 Rfd8 17. Be2 Nxb2 18. Nxb5 Na4 19. Nc3 Ba3 20. Rd1 Nc5 21. Rxd8+ Rxd8 22. Kc2 Bb4 23. Nb1 Nd5 24. a3 Bxe1 25. Rxe1 b5 26. Rd1 b4 27. Bc4 bxa3 28. Bxd5 Rxd5 29. Rxd5 cxd5 30. Nxa3 Kf8 1/2-1/2

[Event "2BLS 2223 SF Heidesheim - SV 1947 Walld"]
[Site "?"]
[Date "2023.02.26"]
[Round "8.6"]
[White "Lantzsch, Christian"]
[Black "Gschnitzer, Oswald"]
[Result "1/2-1/2"]
[WhiteElo "2165"]
[BlackElo "2343"]
[PlyCount "54"]
[EventDate "2023.??.??"]

1. d4 Nf6 2. Bg5 Ne4 3. Bf4 c5 4. f3 Qa5+ 5. c3 Nf6 6. Nd2 cxd4 7. Nb3 Qd8 8. cxd4 d5 9. e3 e6 10. Rc1 Nc6 11. Bd3 Nh5 12. Bg3 Nxg3 13. hxg3 e5 14. Ne2 Bd6 15. Bb5 O-O 16. Bxc6 bxc6 17. Qc2 h6 18. Qxc6 Rb8 19. Kf2 exd4 20. Nbxd4 Rxb2 21. Rb1 Rxa2 22. Ra1 Rxa1 23. Rxa1 a5 24. Nf4 Be5 25. Qxd5 Bxf4 26. Qxd8 Bxe3+ 27. Kxe3 Rxd8 1/2-1/2

[Event "2BLS 2223 SF Heidesheim - SV 1947 Walld"]
[Site "?"]
[Date "2023.02.26"]
[Round "8.7"]
[White "Fichter, Fabian"]
[Black "Enzmann, Steffen"]
[Result "1-0"]
[WhiteElo "2274"]
[BlackElo "2141"]
[PlyCount "99"]
[EventDate "2023.??.??"]

1. e4 c5 2. Nf3 e6 3. b3 b6 4. Bb2 Bb7 5. Nc3 Nf6 6. e5 Ne4 7. Nxe4 Bxe4 8. Qe2 Bb7 9. Qe3 Nc6 10. a3 a6 11. Bd3 Be7 12. h4 f5 13. O-O-O Na5 14. Rdg1 Qc7 15. g4 c4 16. bxc4 Nxc4 17. Bxc4 Qxc4 18. d3 Qa4 19. gxf5 Rc8 20. c4 Bxa3 21. Rxg7 Bxb2+ 22. Kxb2 Qb4+ 23. Kc2 Bc6 24. Qd4 Qa4+ 25. Kd2 Bxf3 26. Qd6 Kd8 27. fxe6 Qa5+ 28. Ke3 Qc5+ 29. Qxc5 Rxc5 30. Rxd7+ Kc8 31. Kxf3 Rxe5 32. Rg1 Rf8+ 33. Rf7 Rxf7+ 34. exf7 Rf5+ 35. Ke4 Rxf7 36. f4 Kd7 37. d4 Kd6 38. Rb1 Kc6 39. f5 Re7+ 40. Kf4 Re2 41. f6 a5 42. h5 Rg2 43. Kf5 Re2 44. h6 a4 45. f7 a3 46. Rf1 a2 47. f8=Q Rf2+ 48. Rxf2 a1=Q 49. Qc8+ Kd6 50. c5+ 1-0

[Event "2BLS 2223 SF Heidesheim - SV 1947 Walld"]
[Site "?"]
[Date "2023.02.26"]
[Round "8.8"]
[White "Winkler, Nils"]
[Black "Hauser, Carlos"]
[Result "0-1"]
[WhiteElo "1884"]
[BlackElo "2223"]
[PlyCount "77"]
[EventDate "2023.??.??"]

1. d4 d5 2. c4 c6 3. Nf3 Nf6 4. Nc3 dxc4 5. a4 Bf5 6. Ne5 Nbd7 7. Nxc4 Qc7 8. g3 e5 9. dxe5 Nxe5 10. Bf4 Nfd7 11. Bg2 g5 12. Ne3 gxf4 13. Nxf5 O-O-O 14. Qc2 Nc5 15. O-O Ne6 16. Qe4 fxg3 17. hxg3 a5 18. Rac1 Bc5 19. Rfd1 h5 20. Bh3 Kb8 21. Rxd8+ Rxd8 22. Qh4 Qb6 23. Ne4 Qxb2 24. Rxc5 Rd1+ 25. Kh2 Nxc5 26. Nxc5 Qc1 27. Nd7+ Rxd7 28. Qxh5 Qc5 29. Ne3 Rd8 30. Kg2 Qd4 31. Qf5 Nc4 32. Nxc4 Qd5+ 33. Qxd5 Rxd5 34. e3 Rc5 35. Nd2 b5 36. axb5 Rxb5 37. Nc4 a4 38. Nd6 a3 39. Nxb5 0-1

[Event "2BLS 2223 SC Eppingen - Stuttgarter SF"]
[Site "?"]
[Date "2023.02.26"]
[Round "8.1"]
[White "Neyman, Igor"]
[Black "Noe, Christopher"]
[Result "1/2-1/2"]
[WhiteElo "2362"]
[BlackElo "2516"]
[PlyCount "89"]
[EventDate "2023.??.??"]

1. d4 Nf6 2. c4 e6 3. Nf3 c5 4. d5 b5 5. Bg5 Qa5+ 6. Qd2 Qxd2+ 7. Nbxd2 bxc4 8. e4 Be7 9. Bxc4 Bb7 10. O-O h6 11. Bh4 g5 12. Bg3 exd5 13. exd5 Bxd5 14. Bxd5 Nxd5 15. Rfe1 Nc6 16. Nc4 O-O 17. Rad1 Nf6 18. Nfe5 Nxe5 19. Bxe5 Rfe8 20. Kf1 Rad8 21. Bxf6 Bxf6 22. Rxe8+ Rxe8 23. Rxd7 Re4 24. b3 Bc3 25. Ne3 a5 26. Ke2 Re6 27. Kd3 Bb4 28. g4 h5 29. gxh5 Rf6 30. Ke2 Rf4 31. Ng2 Rf5 32. h3 Bc3 33. Ne3 Re5 34. Kf3 Kg7 35. Rd5 Rxd5 36. Nxd5 Bd4 37. Ne3 Bxe3 38. fxe3 f5 39. e4 fxe4+ 40. Kxe4 Kh6 41. Kf5 Kxh5 42. a4 Kh4 43. Kf6 Kh5 44. Kf5 Kh4 45. Kf6 1/2-1/2

[Event "2BLS 2223 SC Eppingen - Stuttgarter SF"]
[Site "?"]
[Date "2023.02.26"]
[Round "8.2"]
[White "Hacker, Jonas"]
[Black "Strunski, Andreas"]
[Result "1-0"]
[WhiteElo "2444"]
[BlackElo "2320"]
[PlyCount "57"]
[EventDate "2023.??.??"]

1. e4 c5 2. Nf3 e6 3. g3 Nc6 4. Bg2 Nge7 5. O-O e5 6. c3 d6 7. d4 cxd4 8. cxd4 Bg4 9. d5 Nd4 10. Be3 Nxf3+ 11. Bxf3 Bh3 12. Bg2 Bxg2 13. Kxg2 Qd7 14. Nc3 Ng6 15. Rc1 Be7 16. Qa4 Qxa4 17. Nxa4 Kd7 18. Rc2 Rhc8 19. Rxc8 Kxc8 20. b4 Bd8 21. Nb2 Kd7 22. Rc1 Rc8 23. Rxc8 Kxc8 24. Nc4 Bc7 25. Bxa7 Ne7 26. b5 Kd7 27. a4 Nc8 28. b6 Bd8 29. a5 1-0

[Event "2BLS 2223 SC Eppingen - Stuttgarter SF"]
[Site "?"]
[Date "2023.02.26"]
[Round "8.3"]
[White "Schmid, Wolfgang"]
[Black "Medvegy, Zoltan"]
[Result "0-1"]
[WhiteElo "2102"]
[BlackElo "2508"]
[PlyCount "40"]
[EventDate "2023.??.??"]

1. e4 c6 2. d4 d5 3. exd5 cxd5 4. Bd3 Nc6 5. c3 e6 6. Ne2 Bd6 7. Bf4 Nge7 8. Nd2 O-O 9. Nf3 f6 10. Bc2 Bxf4 11. Nxf4 e5 12. dxe5 fxe5 13. Bxh7+ Kxh7 14. Ng5+ Kg8 15. Qh5 Rxf4 16. g3 Rf5 17. Qh7+ Kf8 18. Qh8+ Ng8 19. Nh7+ Kf7 20. g4 Nf6 0-1

[Event "2BLS 2223 SC Eppingen - Stuttgarter SF"]
[Site "?"]
[Date "2023.02.26"]
[Round "8.4"]
[White "Guliyev, Namig"]
[Black "Beyer, Christian"]
[Result "1/2-1/2"]
[WhiteElo "2528"]
[BlackElo "2253"]
[PlyCount "41"]
[EventDate "2023.??.??"]

1. e4 c5 2. Nf3 e6 3. d4 cxd4 4. Nxd4 Bc5 5. Nb3 Bb6 6. Nc3 Ne7 7. Bf4 d5 8. Qf3 Nbc6 9. O-O-O O-O 10. exd5 exd5 11. Nxd5 Nxd5 12. Rxd5 Qf6 13. Rd6 Be6 14. Bg3 Qe7 15. Kb1 Rfd8 16. Rxd8+ Rxd8 17. Bd3 Bd5 18. Qf5 g6 19. Qf4 Bxg2 20. Rg1 Bd5 21. h4 1/2-1/2

[Event "2BLS 2223 SC Eppingen - Stuttgarter SF"]
[Site "?"]
[Date "2023.02.26"]
[Round "8.5"]
[White "Keilhack, Harald"]
[Black "Gibicar, Danijel"]
[Result "1/2-1/2"]
[WhiteElo "2236"]
[BlackElo "2301"]
[PlyCount "31"]
[EventDate "2023.??.??"]

1. Nf3 Nf6 2. c4 c5 3. Nc3 g6 4. g3 Bg7 5. Bg2 O-O 6. O-O Nc6 7. d4 cxd4 8. Nxd4 Ng4 9. e3 d6 10. Nde2 Bd7 11. b3 a6 12. Bb2 Rb8 13. h3 Nh6 14. Qd2 Qa5 15. Rfd1 Kh8 16. Rac1 1/2-1/2

[Event "2BLS 2223 SC Eppingen - Stuttgarter SF"]
[Site "?"]
[Date "2023.02.26"]
[Round "8.6"]
[White "Mann, Christian"]
[Black "Lorscheid, Gerhard"]
[Result "1/2-1/2"]
[WhiteElo "2397"]
[BlackElo "2134"]
[PlyCount "101"]
[EventDate "2023.??.??"]

1. c4 Nf6 2. g3 c6 3. Bg2 d5 4. Nf3 Bf5 5. cxd5 cxd5 6. Nc3 Nc6 7. Qb3 Bc8 8. d4 e6 9. O-O Be7 10. Bf4 O-O 11. Rfc1 Na5 12. Qd1 Bd7 13. Ne5 Rc8 14. e4 dxe4 15. Nxe4 Nxe4 16. Bxe4 Bc6 17. Nxc6 Nxc6 18. Qa4 Bf6 19. Rd1 Qd7 20. Rac1 Rfd8 21. d5 exd5 22. Bxd5 Qf5 23. Be4 Qe6 24. Re1 Qd7 25. Kg2 Qd4 26. Qb5 Qxb2 27. Qxb2 Bxb2 28. Rb1 Bd4 29. Rxb7 Bb6 30. Bf5 Ra8 31. Bc7 Bxc7 32. Rxc7 Nd4 33. Be4 Nb5 34. Rc5 Rab8 35. Bd5 Kf8 36. Rb1 Nd6 37. Rxb8 Rxb8 38. Rc7 Rb5 39. Bb3 Rb7 40. Rxb7 Nxb7 41. Kf3 Nc5 42. Bc4 Ke7 43. Ke3 f6 44. Kd4 Kd6 45. f4 h6 46. Bf7 Na6 47. Kc4 Nc7 48. Bg6 Nd5 49. h3 Nc7 50. Be4 Ne6 51. Bg6 1/2-1/2

[Event "2BLS 2223 SC Eppingen - Stuttgarter SF"]
[Site "?"]
[Date "2023.02.26"]
[Round "8.7"]
[White "Forster, Lukas"]
[Black "Bilchinski, Anton"]
[Result "1/2-1/2"]
[WhiteElo "1949"]
[BlackElo "2252"]
[PlyCount "40"]
[EventDate "2023.??.??"]

1. e4 g6 2. d4 Bg7 3. Nc3 d6 4. Be3 a6 5. a4 Nf6 6. h3 O-O 7. g4 c5 8. Nge2 cxd4 9. Nxd4 d5 10. exd5 Nxd5 11. Bg2 Nxe3 12. fxe3 e5 13. Nf3 Qb6 14. Nd5 Qxb2 15. O-O e4 16. Nd4 Nc6 17. c3 Nxd4 18. cxd4 Be6 19. Bxe4 Bxd5 20. Bxd5 Rae8 1/2-1/2

[Event "2BLS 2223 SC Eppingen - Stuttgarter SF"]
[Site "?"]
[Date "2023.02.26"]
[Round "8.8"]
[White "Beer, Markus"]
[Black "Gabriel, Josef"]
[Result "1/2-1/2"]
[WhiteElo "2095"]
[BlackElo "2084"]
[PlyCount "115"]
[EventDate "2023.??.??"]

1. e4 g6 2. d4 Bg7 3. Nc3 d6 4. Be3 a6 5. Nf3 b5 6. Bd3 Nd7 7. Ne2 c5 8. c3 Bb7 9. Qd2 Rc8 10. Ng3 Qa5 11. O-O cxd4 12. cxd4 Qxd2 13. Nxd2 Ngf6 14. a4 b4 15. Nb3 h5 16. f3 h4 17. Ne2 Rh5 18. Bd2 Rb8 19. Rfc1 Kd8 20. a5 Ne8 21. Ra4 Nc7 22. Rxb4 Ne6 23. Be3 Bh6 24. f4 g5 25. f5 Nf4 26. Nxf4 gxf4 27. Bd2 h3 28. g4 fxg3 29. Bxh6 Rxh6 30. Rc2 Rh4 31. hxg3 Rg4 32. Kh2 Bxe4 33. Rxb8+ Nxb8 34. Bxe4 Rxe4 35. Kxh3 Kd7 36. Kg2 Re3 37. Nc1 Nc6 38. Kf2 Re4 39. Nb3 Nxd4 40. Nxd4 Rxd4 41. Kf3 Rd5 42. Kf4 Rxa5 43. Rc4 Rb5 44. b4 d5 45. Rd4 Kd6 46. g4 e5+ 47. fxe6 fxe6 48. Kg5 e5 49. Rd1 Rxb4 50. Ra1 e4 51. Kf4 Rb6 52. g5 Ke6 53. Rh1 Kf7 54. Rh7+ Kg8 55. Rd7 Re6 56. Ke3 Re5 57. Kf4 Re6 58. Ke3 1/2-1/2

[Event "2BLS 2223 SC Ötigheim - Heilbronner SV"]
[Site "?"]
[Date "2023.02.26"]
[Round "8.1"]
[White "Wenninger, Philipp"]
[Black "Bauer, Christian"]
[Result "0-1"]
[WhiteElo "2385"]
[BlackElo "2599"]
[PlyCount "58"]
[EventDate "2023.??.??"]

1. d4 e6 2. c4 d5 3. Nc3 Nf6 4. cxd5 exd5 5. Bg5 c6 6. e3 Be7 7. Bd3 Nbd7 8. Qc2 Nf8 9. Nge2 Ne6 10. Bh4 g6 11. f3 O-O 12. O-O a5 13. Rad1 Re8 14. Kh1 Bd7 15. e4 dxe4 16. fxe4 Ng4 17. Bxe7 Qxe7 18. Qd2 Qh4 19. h3 Nf2+ 20. Rxf2 Qxf2 21. e5 f5 22. d5 cxd5 23. Nxd5 Bc6 24. Nf6+ Kf7 25. Rg1 Red8 26. Qc3 Rxd3 27. Qxd3 Rd8 28. Qc2 Qe3 29. Kh2 Qxe5+ 0-1

[Event "2BLS 2223 SC Ötigheim - Heilbronner SV"]
[Site "?"]
[Date "2023.02.26"]
[Round "8.2"]
[White "Van den Doel, Erik"]
[Black "Baenziger, Fabian"]
[Result "1/2-1/2"]
[WhiteElo "2582"]
[BlackElo "2408"]
[PlyCount "67"]
[EventDate "2023.??.??"]

1. d4 d5 2. c4 c6 3. cxd5 cxd5 4. Bg5 h6 5. Bh4 Qb6 6. Qd2 e5 7. Nc3 Be6 8. e3 exd4 9. exd4 Nc6 10. Nf3 Bb4 11. Bd3 Nge7 12. O-O O-O 13. a3 Bxc3 14. bxc3 Bf5 15. Rab1 Qc7 16. Rfe1 Rfe8 17. Bxe7 Bxd3 18. Qxd3 Rxe7 19. c4 dxc4 20. Qxc4 Rxe1+ 21. Rxe1 Qd6 22. a4 Rd8 23. Re4 a6 24. h4 Qd5 25. Re8+ Kh7 26. Qc2+ g6 27. Re4 Kg7 28. Qb1 b5 29. axb5 axb5 30. Re1 b4 31. Qb2 Kh7 32. Rb1 Nxd4 33. Nxd4 Qxd4 34. Qxb4 1/2-1/2